000 00709nam a2200193 i 4500
001 123924
003 ES-MaACL
005 20240516220130.0
007 t|
008 070214s1958 sp r ||||1| spa d
100 1 _aRamírez Morales, Dulce-Néstor.
_995161
245 1 0 _aDon Quijote de la Mancha en el cine universal /
_cDulce-Néstor Ramírez Morales.
260 _aCiudad Real :
_bDiputación Provincial,
_c1958.
300 _a19 p., 2 lám. ;
_c24 cm.
600 1 4 _aCervantes Saavedra, Miguel de,
_d1547-1616.
_tDon Quijote de la Mancha-
_xAdaptaciones cinematográficas
_937613
710 1 _aCiudad Real (Provincia).
_bDiputación.
_92843
852 _aES-MaACL
_j2006-F-23
999 _c123924
_d123924